LEADER 00790nam0-22002891i-450- 001 990000009200403321 005 20161027114558.0 035 $a000000920 035 $aFED01000000920 035 $a(Aleph)000000920FED01 035 $a000000920 100 $a20020821d--------km-y0itay50------ba 101 0 $aita 105 $ay-------001yy 200 1 $aCorso teorico pratico di telefonia$fGiuseppe Foddis. 210 $aMilano$cU. Hoepli$d1952 215 $aCXXIV, 931 p.$cill.$d23 cm 610 0 $aTelefonia 676 $a621.385 700 1$aFoddis,$bGiuseppe$0790 801 0$aIT$bUNINA$gRICA$2UNIMARC 901 $aBK 912 $a990000009200403321 952 $a13 P 32 19$b19906$fFINBC 959 $aFINBC 996 $aCorso teorico pratico di telefonia$9108080 997 $aUNINA